000
00330nam a22001457a 4500
003
SGT
082
_a
320.954
_b
D15K
100
_a
KUMAR, SANJAY
245
_a
DEMOCRACY IN INDIA: A CITIZEN'S PERSPECTIVE
260
_b
LOKNITI CSDS
_c
2015
300
_a
206
650
_a
POLITICAL SCIENCE
653
_a
DEMOCRACY
942
_2
ddc
_c
BK
999
_c
27228
_d
27228